Гл. 12 и заключение; Ускорители электронов

מידע ביבליוגרפי
Parent link:Ускорители электронов: учебное пособие/ А. А. Воробьев [и др.]; Томский политехнический институт (ТПИ). Гл. 12 и заключение.— , 1959-1966
שפה:רוסית
יצא לאור: 1960
נושאים:
פורמט: MixedMaterials ספר
KOHA link:https://koha.lib.tpu.ru/cgi-bin/koha/opac-detail.pl?biblionumber=174025

MARC

LEADER 00000nbm2a2200000 4500
001 174025
005 20231031164555.0
035 |a (RuTPU)RU\TPU\book\188715 
035 |a RU\TPU\book\188718 
035 |a RU\TPU\book\188716 
035 |a RU\TPU\book\188717 
090 |a 174025 
100 |a 20100115d1960 m y0rusy50 ca 
101 0 |a rus 
102 |a RU 
105 |a a j 000zy 
200 0 |a Гл. 12 и заключение 
210 |d 1960 
215 |a 375 л.  |c ил. 
461 1 |0 (RuTPU)RU\TPU\book\190606  |t Ускорители электронов  |o учебное пособие  |o [рукопись]  |f А. А. Воробьев [и др.]  |g Томский политехнический институт (ТПИ)  |v Гл. 12 и заключение  |d 1959-1966 
610 1 |a физика 
610 1 |a электроны 
610 1 |a электронные ускорители 
610 1 |a получение 
610 1 |a установки 
610 1 |a учебные пособия 
610 1 |a рукописные материалы 
610 1 |a труды учёных ТПУ 
610 1 |a черновики 
675 |a 539.1.076.61  |v 3 
801 1 |a RU  |b 63413507  |c 20100115 
801 2 |a RU  |b 63413507  |c 20220209  |g RCR 
942 |c BK